00712nam a2200193 a 450000100100000000500170001000800410002704000250006808200190009310000400011224500830015226000440023530000200027959000260029965000280032565000310035395201170038499900170050100004736020240412074306.0180508s1996 dr 000 p spa d aDO-SdBNPbspacBNPHU aRD861.5bL581t1 aLeonardo de Núñez, Reina91907810aTiempo y desafío :bpoesías y pensamientos /cReina Leonardo de Núñez. aLa Vega, República Dominicana,c1996. a72 p. ;c22 cm. aInventariado, 2019/VM 0aPoesía dominicana966 0aLiteratura dominicana.967 0010718PDaPDbPDcHDd2018-05-08iLF1l0oRD861.5 L581tp47360-10r2020-06-25w2020-06-25yLFPDZNo se presta c46848d46848